Parliament and public expenditure : report from the House of Representatives Standing Committee on Expenditure, February, 1979.

Αποθηκεύτηκε σε:
Λεπτομέρειες βιβλιογραφικής εγγραφής
Συγγραφή απο Οργανισμό/Αρχή: Australia. Parliament. House of Representatives. Standing Committee on Expenditure
Μορφή: Βιβλίο
Γλώσσα:English
Έκδοση: Canberra : Australian Government Publishing Service, 1979.
Θέματα:
LEADER 01386nam a2200301 a 4500
001 c000187425
003 CARM
005 19900109000000.0
008 790730s1979 at f000 0 eng d
019 1 |a 1656630  |z 41366034  |z 48929758  |5 LACONCORD2021 
020 |a 0642040206  |c unpriced 
035 |a (OCoLC)29259782  |5 LACONCORD2021 
040 |a ANB  |b eng  |c ANB  |d ANB 
042 |a anuc 
043 |a u-at--- 
082 0 4 |a 336.39/0994 
110 1 |a Australia.  |b Parliament.  |b House of Representatives.  |b Standing Committee on Expenditure. 
245 1 0 |a Parliament and public expenditure :  |b report from the House of Representatives Standing Committee on Expenditure, February, 1979. 
260 |a Canberra :  |b Australian Government Publishing Service,  |c 1979. 
300 |a vii,42p. :  |b graphs ;  |c 25cm. 
500 |a Australia. Government. Expenditure. Control. Role of Australia. Parliament. Reports, surveys (ANB/PRECIS SIN 0326704) 
500 |a Australian Government Publishing Service cat. no.788492X. 
504 |a Includes bibliographical references. 
610 1 0 |a Australia.  |b Parliament. 
610 1 0 |a Australia  |x Appropriations and expenditures. 
852 8 |b CARM  |h A2:AO22E0  |i C06991  |p 0251498  |f BK 
999 f f |i d0af43c6-2cd2-5a1e-aa62-17055ff9f67c  |s cd87fb2a-e480-5d7f-9d53-1620bfe48401 
952 f f |p Can circulate  |a CAVAL  |b CAVAL  |c CAVAL  |d CARM 1 Store  |e C06991  |f A2:AO22E0  |h Other scheme  |i book  |m 0251498